000 00593 am a2200229ai 4500
001 00000000081297
003 OSt
005 20160411115346.0
008 020226s1975 esp 0011 spa d
020 _a84-239-0160-2
040 _cBMC
082 _a914.6
082 _a864
100 1 _97
_aUnamuno, Miguel de
_d1864-1936
245 1 0 _aAndanzas y visiones españolas
_cMiguel de Unamuno
250 _a10ª ed
260 _aMadrid
_bEspasa-Calpe
_c1975
300 _a270 p.
_c18 cm
490 _aAustral
_v160
651 _9138
_aEspaña
_xDescripción
942 _2ddc
_cBK
_hprozim
999 _c139
_d139